Normal view
MARC view
- editors, Anwar ul Haq, Nazeer Ahmad, A.Q. Khan; organisers, Dr. A. Q. Khan Research Laboratories, Kahuta, Pakistan Institute of Metallurgical Engineers
Entry Personal Name
001 - CONTROL NUMBER
- control field: 100935
003 - CONTROL NUMBER IDENTIFIER
- control field: NUST
005 - DATE AND TIME OF LATEST TRANSACTION
- control field: 20221020105137.0
008 - FIXED-LENGTH DATA ELEMENTS
- fixed length control field: 221020|| aca||aabn | a|a d
040 ## - CATALOGING SOURCE
- Original cataloging agency: NUST
- Transcribing agency: NUST
100 ## - HEADING--PERSONAL NAME
- Personal name: editors, Anwar ul Haq, Nazeer Ahmad, A.Q. Khan; organisers, Dr. A. Q. Khan Research Laboratories, Kahuta, Pakistan Institute of Metallurgical Engineers
670 ## - SOURCE DATA FOUND
- Source citation: Work cat.: (NUST)193439: editors, Anwar ul Haq, Nazeer Ahmad, A.Q. Khan; organisers, Dr. A. Q. Khan Research Laboratories, Kahuta, Pakistan Institute of Metallurgical Engineers., Advanced materials :, 1990.
